000 01049cam a22002774a 4500
001 12527863
003 ARRUPE
005 20150123141038.0
008 010907s2002 ilu b 001 0 eng
010 _a 2001051051
020 _a0226616614 (alk. paper)
040 _aDLC
_cDLC
_dDLC
042 _apcc
050 0 0 _aLC487
_b.O23 2002
082 0 0 _a378/.0712/73
_221
100 1 _aO'Brien, Dennis,
_d1931-
_913270
245 1 4 _aThe idea of a Catholic university /
_cGeorge Dennis O'Brien.
260 _aChicago :
_bUniversity of Chicago Press,
_cc2002.
300 _a239 p. ;
_c24 cm.
504 _aIncludes bibliographical references (p. 215-224) and index.
650 0 _aCatholic universities and colleges.
_913271
650 0 _aEducation, Higher
_xAims and objectives.
_913272
906 _a7
_bcbc
_corignew
_d1
_eocip
_f20
_gy-gencatlg
942 _2lcc
_cMONOGRAPH
999 _c121451
_d121451